| 000 | 00396nam a2200145 4500 | ||
|---|---|---|---|
| 001 | 107771 | ||
| 003 | ES-MaACL | ||
| 005 | 20230906184504.0 | ||
| 007 | t| | ||
| 008 | 061121s1960 sp r ||||1| spa d | ||
| 245 | 0 | 0 | _aMotores diesel y elementos de electricidad. |
| 260 |
_aPalma : _b[s.n], _c1960 ( _fImp. Bristol) |
||
| 300 |
_a86 p. : _bil. ; _c22 cm. |
||
| 852 |
_aES-MaACL _jC-19177 _bR.47156 |
||
| 999 |
_c107771 _d107771 |
||